| 000 | 00659nam a2200193 i 4500 | ||
|---|---|---|---|
| 001 | 26065 | ||
| 003 | ES-MaACL | ||
| 005 | 20260115063026.0 | ||
| 007 | t| | ||
| 008 | 030107s1950 sp ||||1| spa d | ||
| 100 | 1 |
_aArespacochaga y Felipe, Juan de, _d1920-1999 _922639 |
|
| 245 | 1 | 3 |
_aEl aceite de oliva, moneda mediterránea / _cpor Juan de Arespacochaga y Felipe. |
| 260 |
_aMadrid : _bSindicato Vertical del Olivo, _c1950 ( _fGráf. Ibarra) |
||
| 300 |
_a73 p., 1 gráf. pleg : _bil. ; _c24 cm. |
||
| 650 |
_aAceite de oliva. _99580 |
||
| 710 | 2 |
_aSindicato Vertical del Olivo. _96618 |
|
| 852 |
_aES-MaACL _j1925-F-2 |
||
| 999 |
_c26065 _d26065 |
||